|
|
|
|
| LEADER |
00000nab a2200000 a 4500 |
| 001 |
vtls000889192 |
| 003 |
SK-MaSNL |
| 005 |
20260305033506.0 |
| 008 |
041112 2004 xo w 000 0 slo |
| 015 |
|
|
|a SNBRB2004
|2 sllk
|
| 040 |
|
|
|a SLLK
|b slo
|c SLLK
|e AACR2
|
| 041 |
0 |
|
|a slo
|
| 044 |
|
|
|a xo
|c SK
|
| 080 |
|
|
|a 328.1
|x (4)
|2 UDC-MRF-SK2
|
| 080 |
|
|
|a 342.8
|2 UDC-MRF-SK2
|
| 100 |
1 |
|
|a (eo)
|4 aut
|9 848588
|
| 245 |
1 |
0 |
|a Eurovoľby
|c [autor] (eo)
|
| 600 |
1 |
7 |
|a Pleštinská, Zita,
|d 1961-
|e poslankyňa Európskeho parlamentu
|2 sllk
|
| 610 |
2 |
7 |
|a Európsky parlament
|2 sllk
|9 29808
|
| 650 |
0 |
7 |
|a voľby
|y 2004
|2 sllk
|9 1079479
|
| 651 |
|
7 |
|a Stará Ľubovňa (Slovensko : okres)
|2 sllk
|9 19196
|
| 651 |
|
7 |
|a Chmeľnica (Slovensko)
|2 sllk
|9 28606
|
| 773 |
0 |
|
|t Ľubovnianske noviny
|g Roč. XXX, č. 24 (17. 6.2004), s. [1]
|
| 852 |
|
|
|a SLLK
|b KIS3GCP
|
| 999 |
|
|
|c 3324559
|d 3326489
|